ARRUPE JESUIT UNIVERSITY

CORONAVIRUS -STOP THE SPREAD - CLEAN,DISINFECT,COVER

The material culture of Zimbabwe, (Record no. 131689)

MARC details
000 -LEADER
fixed length control field 00368nam a22001337a 4500
008 - FIXED-LENGTH DATA ELEMENTS--GENERAL INFORMATION
fixed length control field 230321b |||||||| |||| 00| 0 eng d
020 ## - INTERNATIONAL STANDARD BOOK NUMBER
International Standard Book Number 0582613930.
050 ## - LIBRARY OF CONGRESS CALL NUMBER
Classification number GN657.R5 E44 1984
100 ## - MAIN ENTRY--PERSONAL NAME
Personal name Ellert. H
9 (RLIN) 38129
245 ## - TITLE STATEMENT
Title The material culture of Zimbabwe,
Statement of responsibility, etc H.Ellert
260 ## - PUBLICATION, DISTRIBUTION, ETC. (IMPRINT)
Place of publication, distribution, etc Zimbabwe:
Name of publisher, distributor, etc Longman,
Date of publication, distribution, etc 1984.
300 ## - PHYSICAL DESCRIPTION
Extent 133p;
Dimensions 24cm.
942 ## - ADDED ENTRY ELEMENTS (KOHA)
Source of classification or shelving scheme Library of Congress Classification
Item type Monograph ( Printed materials)
Holdings
Withdrawn status Lost status Source of classification or shelving scheme Damaged status Not for loan Home library Current library Shelving location Date acquired Total Checkouts Full call number Barcode Date last seen Price effective from Koha item type
    Library of Congress Classification     ARRUPE LIBRARY ARRUPE LIBRARY Main Collection 21/03/2023   GN657.R5 E44 1984 46700001116 21/03/2023 21/03/2023 Monograph ( Printed materials)

 

Arrupe Library. PO Box MP320 Mt Pleasant, Harare, Zimbabwe
263 242 745411|librarian@aju.ac.zw